Les arts de l'Afrique noire

Uloženo v:
Podrobná bibliografie
Hlavní autor: Laude, Jean (Autor)
Médium: Kniha
Jazyk:francouzština
Vydáno: París Le Livre de Poche 1966
Témata:
Tagy: Přidat tag
Žádné tagy, Buďte první, kdo vytvoří štítek k tomuto záznamu!

MARC

LEADER 00000cam a2200000 a 4500
001 UCP9828
003 CL-VaPUC
008 000407e19660000FR |||||||||||||||||fre|d
082 0 4 |a 709.6  |b LAU  |2 21 
100 0 |a Laude, Jean  |e author  |9 440688 
245 1 4 |a Les arts de l'Afrique noire 
300 |a 381 p 
942 |c BK 
945 |d 20000407 00:00:00  |a crobeson 
260 |a París  |b Le Livre de Poche  |c 1966 
650 0 |a Arte africano   |9 440689 
650 0 |a Arte y sociedad   |9 306277 
650 0 |a Arte religioso  |9 330545 
650 0 |a Arte primitivo   |9 267985 
583 |a last modification  |c 20130923 06:48:26  |k Rodrigo Vera 
999 |c 286610  |d 286608 
952 |0 0  |1 0  |4 0  |6 709_600000000000000_LAU_1966  |7 0  |8 A  |9 332640  |a BIBHIS  |b BIBHIS  |d 2019-11-20  |i 1398393  |o 709.6 LAU 1966  |p 1398393  |r 2025-01-20  |w 2019-11-20  |y BK  |k HIS 
952 |0 0  |1 0  |4 0  |6 709_600000000000000_LAU_1966  |7 0  |8 A  |9 332641  |a BIBHIS  |b BIBHIS  |d 2019-11-20  |i 1398407  |o 709.6 LAU 1966  |p 1398407  |r 2025-01-20  |w 2019-11-20  |y BK  |k HIS 
952 |0 0  |1 0  |3 erb  |4 0  |6 709_600000000000000_LAU_1966  |7 0  |8 A  |9 332642  |a BIBART  |b BIBART  |d 2019-11-20  |i 501042K  |l 1  |o 709.6 LAU 1966  |p 501042K  |r 2025-03-13  |s 2022-05-19  |w 2019-11-20  |y BK  |z Catalogado en:20130930  |k ART